000 00480nam a2200181Ia 4500
005 20250326123427.0
008 250326s9999 xx 000 0 und d
037 _aTextbook
040 _aFMSL
_beng
_cFMSL
041 _aeng
_2eng
084 _aX755.1 M3
_qFMSL
100 _aMakin J H
_9735114
245 0 _aGlobal debt crisis
_cMakin J H
260 _aNew York
_bNew York, Basic
_c1983
300 _a281p
942 _cTB
_hX755.1 M3
999 _c1269319
_d1269319